000 00401nam a2200157Ia 4500
003 OSt
005 20230529144347.0
008 211028s2015 xx 000 0 und d
040 _cAIMIT LIBRARY
041 _aeng
100 _aShetty, Niriksha; Ruban, S.
_98588
_e131917
110 _aRuban S
_98589
245 _aBus time management system (BTMS).
260 _aMangalore
_c2015
942 _2ddc
_cPRO
999 _c219963
_d219963